| 000 | 00561nam a2200217Ia 4500 | ||
|---|---|---|---|
| 008 | 180313s9999 xx 000 0 und d | ||
| 020 | _a9789810949907 | ||
| 050 | _bER B797 2012 | ||
| 100 | _aBracken, Beth | ||
| 245 | _aHenry helps with laundry / | ||
| 245 | _cby Beth Bracken ; illustrated by Ailie Busby. | ||
| 260 | _aNew York, New York : | ||
| 260 | _bScholastic Inc., | ||
| 260 | _c2012 | ||
| 300 | _aunpaged : | ||
| 300 | _bcolored illustrations ; | ||
| 300 | _c17cm. | ||
| 650 | _aLaundry. | ||
| 700 | _aBusby, Ailie. | ||
| 700 | _aTitle. | ||
| 999 |
_c356269 _d356269 |
||